000
00270nam a22000857a 4500
008
160509b xxu||||| |||| 00| 0 eng d
100
_a
Yerkes, Lester M. American Topical Association
245
_a
Tennis philately
650
_a
Topical Collecting | Tennis | Sports and Recreation
999
_c
1982
_d
1982